00880nam a2200241Ia 4500003000400000005001700004008004100021020001800062040001800080041000800098082002000106100001800126245023300144250001200377260004400389300002900433650004900462650003100511650002100542650003000563700002400593700002100617OSt20250605093416.0210716s2017 xx 000 0 und d a9781786465344 cAIMIT LIBRARY aeng a005.7402 bSARD aSarka, Dejan. aSql server 2016 developers guide:bget the most out of the rich development capabilities of sql server 2016 to build efficient database applications for your organization /cBy Dejan Sarka, Milos Radivojevic and William Durkin. a1st ed. aMumbai :bPackt Publishing Ltd ,c2017. aix,596 p.;bPBc24.5 cm. aReview of sql server features for developers aJSON support in sql server aStretch database aTransact sql enhancements aRadivojevic, Milos. aDurkin, William.